000
00349nam a2200157Ia 4500
008
221030s9999 xx 000 0 und d
020
_a
8120326393
041
_a
English
082
_a
105.23
_b
Gho
100
_a
S. Ghosh
245
0
_a
Programming in C
260
_b
PHI
_a
New Delhi
_c
2004
300
_a
314
650
_a
MBA Computers
942
_c
BK
999
_c
2388
_d
2388